000 00673nam a2200217 4500
001 136689
003 ES-MaACL
005 20250905141213.0
007 t|
008 070214s1958 sp r ||||1| spa d
100 1 _aSagardía, Ángel.
_9139049
245 1 3 _aEl músico Ricardo Villa /
_cAngel Sagardía.
260 _aMadrid :
_bInstituto de Estudios Madrileños,
_c1958.
300 _a25 p., 7 lám. ;
_c21 cm.
490 1 _aTemas madrileños ;
_v4
600 1 4 _aVilla, Ricardo,
_d1873-1935
_9172497
710 2 _aInstituto de Estudios Madrileños
_94916
830 1 _aTemas madrileños ;
_v4
_9189423
852 _aES-MaACL
_j2002-F-9
999 _c136689
_d136689